| 000 | 00000nam##2200000za#4500 |
| 001 | 9.579684 |
| 003 | CaOODSP |
| 005 | 20210624190659 |
| 007 | cr ||||||||||| |
| 008 | 150406|1998||||xxc|||||o f|0| 0 eng|d |
| 022 | |a1488-5387 |
| 040 | |aCaOODSP|beng |
| 043 | |an-cn--- |
| 086 | 1 |aFs97-4/2458E-PDF |
| 110 | 1 |aCanada. |bDepartment of Fisheries and Oceans. |
| 245 | 10|a1997 industry sponsored shrimp surveys and resulting management actions area 12, April and November 1997 / |h[electronic resource]|cby J.A. Boutillier, J.A. Bond, and R.M. Harbo. |
| 260 | |aNanaimo - British Columbia : |bFisheries and Oceans Canada |c1998. |
| 300 | |a102p.|bfigs., references, tables |
| 490 | 1 |aCanadian manuscript report of fisheries and aquatic sciences|x1488-5387|vNo. 2458 |
| 500 | |aOn t.p.: Science Branch, Pacific Region, Nanaimo, British Columbia. The catalogue number and ISSN for the print edition appear in the PDF version. |
| 546 | |a(Résumés en français) |
| 590 | |a14-09-Supp|b2014-04-23 |
| 720 | 1 |aHarbo, R. M. |
| 720 | 1 |aBoutillier, J. |
| 720 | 1 |aBond, J. A. |
| 830 | #0|aCanadian manuscript report of fisheries and aquatic sciences,|x1488-5387|vNo. 2458|w(CaOODSP)9.505211 |
| 856 | 40|ahttp://publications.gc.ca|qPDF|s4772 KB|uhttps://publications.gc.ca/collections/collection_2014/mpo-dfo/Fs97-4-2458-eng.pdf|yNo. 2458 |